000 00543nam a2200217Ia 4500
003 OSt
005 20220916111034.0
006 a|||||r|||| 00| 0
007 ta
008 220915b |||||||| |||| 00| 0 eng d
024 _a125241
037 _cTextbook
040 _beng
_aARTS
_cARTS
041 _aeng
082 _aV65-53:1:N5, 122J2(906)
245 0 _aAfrique Occidentale Francaise
260 _aNA
_bNA
650 _aHISTORY
942 _hV65-53:1:N5, 122J2(906)
_cTB
_2CC
999 _c104175
_d104175